000 00462nam a22001937a 4500
003 MPLRDC
005 20220104144154.0
008 210129b ||||| |||| 00| 0 eng d
020 _a957-787-066-X
082 _a550.184 DEV c.2
100 _a理查.狄维士著
245 _a悲悯的资本主义
_c
250 _a初版
260 _a
_b丝路出版社
_c1996
300 _b
490 _a创业风云录
650 _a
942 _cBK
_o550.184 DEV c.2
999 _c47076
_d47066